000
00333nam a2200133Ia 4500
008
230717s9999 xx 000 0 und d
020
_a
978-93-5035-002-7
041
_a
eng
082
_a
345
_b
DAS
100
_a
Das,P.K.
245
_a
Rarest Of Rare Cases
260
_b
Universal Law Publishing Co. Pvt. Ltd.
_c
2011
300
_a
243p
999
_c
672204
_d
672204